000 00555nam a2200181Ia 4500
005 20250423095120.0
008 250422s9999 xx 000 0 und d
020 _a9780135027141, 0135027144
050 _aHF 5548 .32 .L38/
100 _aLaudon, Kenneth C.
245 0 _aE-commerce : business, technology, society
250 _a5th ed.
260 _aUpper Saddle River, N.J.
260 _bPrentice Hall
260 _c2009
650 _aElectronic commerce Internet marketing Electronic commerce_Social aspects Information technology
942 _cBK
999 _c29287
_d29287